000
00278 a2200109 4500
001
63248
082
_a
353.00947 COC
090
_c
37313
_d
37313
100
_a
Cockburn Andrew
245
_a
Threat: Inside the Soviet Military machine
260
_a
Lahore
_b
PAF Book Club
_c
1983
942
_a
NUST-CAE
_k
353.00947 COC
999
_c
298321
_d
298321